100 beste Fußballer 2014 (Fair) - Statistiken

Allgemein
  • Dieses Quiz wurde 411 mal gespielt
  • Das Durchschnittsergebnis liegt bei 43 aus 100
Antwortstatistiken
Hint Antwort % Korrekt
Barcelona Messi
99%
Real Madrid Ronaldo
99%
Bayern München Neuer
97%
Bayern München Lahm
90%
Barcelona Neymar
89%
Real Madrid Kroos
88%
Bayern München Robben
87%
Bayern München Müller
85%
Bayern München Ribery
85%
Barcelona Suarez
85%
Bayern München Schweinsteiger
84%
Bayern München Boateng
83%
Barcelona Iniesta
83%
Barcelona Xavi
82%
Real Madrid Benzema
81%
Bayern München Lewandowski
80%
Borussia Dortmund Hummels
79%
Real Madrid Bale
76%
Real Madrid Modric
76%
Real Madrid Ramos
75%
Manchester City Aguero
74%
Bayern München Götze
73%
PSG Ibrahimovic
72%
Borussia Dortmund Reus
68%
Arsenal Özil
66%
Lazio Rom Klose
64%
Chelsea Hazard
61%
Barcelona Pique
61%
Manchester City | PSG Silva
61%
Juventus Buffon
60%
Real Madrid Casillas
59%
Juventus Pogba
59%
Barcelona Busquets
58%
Atlético Madrid Griezmann
58%
PSG Cavani
57%
Manchester United Rooney
55%
Bayern München Alaba
49%
Manchester United Di Maria
49%
Bayern München Alonso
46%
Chelsea Costa
45%
Neapel Higuain
45%
Liverpool Gerrard
43%
Atlético Madrid Mandzukic
42%
Real Madrid Rodriguez
42%
Barcelona Alves
41%
Porto Martinez
41%
Juventus Pirlo
39%
AS Rom Totti
39%
Chelsea Courtois
38%
PSG Luiz
38%
Manchester United De Gea
37%
Manchester City Kompany
36%
Manchester United Van Persie
36%
Barcelona Rakitic
34%
Arsenal Sanchez
34%
Liverpool Sterling
34%
Atlético Madrid Godin
33%
Barcelona Mascherano
32%
Chelsea Terry
31%
Manchester City Toure
30%
Atlético Madrid Koke
29%
Chelsea Oscar
29%
Juventus Tevez
26%
Chelsea Fabregas
25%
AS Rom De Rossi
24%
Real Madrid Isco
24%
Tottenham Lloris
24%
Juventus Vidal
23%
Manchester City Dzeko
22%
Liverpool Sturridge
21%
Manchester United Falcao
20%
PSG Verratti
20%
Florenz Cuadrado
15%
PSV Depay
14%
PSG Matuidi
13%
Swansea City Bony
12%
AS Rom Gervinho
12%
Chelsea Matic
12%
Borussia Dortmund Mkhitaryan
12%
West Ham United Valencia
12%
CSKA Moscow Doumbia
11%
AS Rom Pjanic
11%
Arsenal Ramsey
11%
Chelsea Ivanovic
10%
AS Rom Nainggolan
10%
Atlético Madrid Turan
10%
Arsenal Wilshere
10%
Manchester United Blind
9%
Porto Herrera
9%
Atlético Madrid Miranda
9%
Manchester City Zabaleta
9%
Shakhtar Donetsk Adriano
8%
Chelsea Azpilicueta
8%
Barcelona Benatia
8%
Neapel Callejón
8%
Zenit St Petersburg Garay
8%
Porto Brahimi
7%
Sao Paulo Ceni
7%
Lille Enyeama
7%
Keine übereinstimmenden Quizze gefunden
Verteilung der Resultate
Anzahl Personen mit jedem Resultat
Perzentil nach korrekt beantworteten Fragen
Ihre Resultats-Entwicklung
Sie haben dieses Quiz noch nicht gespielt